00962nam a22001457a 450000500170000000800410001701500180005805000080007610000030008424500760008726000410016330000260020450000330023050505530026320240724121841.0240724b ||||| |||| 00| 0 eng d q9788120720022 aREF  aStatistical methods: Concepts application and computationcY Paggarrwal aNew DelhibSterling publishersc1998 axxiii,: 387 p.:c22cm aIncludes index, bibliography aContents: The study of statistics -- Frequency distributions and their graphic representation -- The normal distribution --Divergence from normality -- Measures of skewness and kurtosis based on moment methods -- Importance of measurement of skewness and kurtosis post test -- Correlational techniques -- The significance of means and other statistics -- The significance of difference between means and other statistics -- The chi-square tests and other non-parametric methods -- Non-parametric statistical tests -- The analysis of variance, anova